000 00580nam a22002177a 4500
003 OSt
005 20140310182832.0
008 130603t xxu||||| |||| 00| 0 eng d
020 _a0673180247
050 _aQA 154
_b.L693 1997
082 _aM 512
_bL61 1997
245 _aCollege algebra /
_cLial, Margaret L.
260 _aReading, Massachusetts :
_bAddison - Wesley,
_c1997
300 _axxiv, 462, [39] p. :
_bill. ;
_c25 cm.
521 _acollege students
526 _c1210L-1700L
541 _j1
541 _j2
562 _e2
942 _2lcc
_cBK
_kM
999 _c16647
_d16647